00755nam a2200253 a 4500001001300000003000900013005001700022008004100039020001000080082001500090100002800105245005000133260003900183300000900222500003500231505002600266650001900292650001700311700002800328902000800356942000700364952011500371999001500486nice12345678IN_TiNIC20260116012232.0050524s1968 boma grp 000 0 eng  ac10000a954.5bNIJ aNijjar, Bakhshish Singh aPanjab Under the Great Mughals 1526-1707 A.D. aBombaybThacker and Co., Ltdc1968 a244p aincludes index and biblioraphy2 aBibliogrphy, Appendex aPanjab-History aMughal India1 aNijjar, Bakhshish Singh bSRS cBK 001040708StackRoom-aHMIbHMId2007-04-10g100.00l0o954.5 NIJp09558r2007-04-10v100.00w2005-05-24yBK c6196d6196